| 000 -LEADER |
| fixed length control field |
00458cam a22001217a 4500 |
| 008 - FIXED-LENGTH DATA ELEMENTS--GENERAL INFORMATION |
| fixed length control field |
180718b2000 xxu||||| |||| 00| 0 eng d |
| 082 ## - DEWEY DECIMAL CLASSIFICATION NUMBER |
| Classification number |
BA27x54 T326m |
| 100 ## - MAIN ENTRY--PERSONAL NAME |
| Personal name |
Thakur, R.N. |
| 245 ## - TITLE STATEMENT |
| Title |
Fifth orientation course on SC/ST/OBC reservation in government and public sector undertakings, March 1-3, 2000 |
| Statement of responsibility, etc. |
by R.N. Thakur |
| 260 ## - PUBLICATION, DISTRIBUTION, ETC. |
| Place of publication, distribution, etc. |
New Delhi |
| Name of publisher, distributor, etc. |
Indian Institute of Public Administration |
| Date of publication, distribution, etc. |
2000 |
| 300 ## - PHYSICAL DESCRIPTION |
| Extent |
72p. |
| 650 ## - SUBJECT ADDED ENTRY--TOPICAL TERM |
| Topical term or geographic name entry element |
Reservations - Employment - India |